Lewis's Narnia Map Quiz Stats

 Plays Quiz not verified by Sporcle

Support Sporcle.
Go Orange.
Score 0/36 Timer 08:00
0 Plays Today
% Correct
Seven Isles
78.5%
Wild Lands of the North
76.7%
Great Northern River
75%
River Narnia (Great River)
73.4%
Western Wild
71.3%
Great Desert
70.8%
Mt. Pire
60.6%
Jadis' Castle
58.3%
Great Eastern Ocean
58%
Glasswater Bay
57.7%
Ettinsmoor
57%
Lantern Waste
55.5%
Archenland
54.7%
Giants' Bridge
54.3%
Beaver's Dam
52.5%
Lone Islands
49.9%
Harfang
49.4%
Cair Paravel
48.9%
% Correct
River Shribble
47.9%
Aslan's How
44.9%
Archen River
44.8%
Castle of Caspian
43.7%
Ruined City of the Giants
43.7%
River Calormen
41.8%
Bight of Calormen
41%
Tashbaan
36.9%
Winding Arrow River
35.9%
Caldron Pool
35.5%
Anvard
35.2%
Azim Balda
34.4%
Galma
33.1%
Beruna
33%
Stable Hill
31.7%
Tehishbaan
29.7%
Terebinthia
29.1%
River Rush
26.5%

You're not logged in!

Compare scores with friends on all Sporcle quizzes.
OR
Log In

From the Vault

NBA Photo Minefield: Championship Winners

by strokes_static

Looking at the photos, maybe you can live vicariously through them.
Remove Ads.
Support Sporcle.
Get the best of Sporcle when you Go Orange. This ad-free experience offers more features, more stats, and more fun while also helping to support Sporcle. Thank you for becoming a member.

Show Comments

Extras

Top Quizzes Today


Score Distribution

Your Account Isn't Verified!

In order to create a playlist on Sporcle, you need to verify the email address you used during registration. Go to your Sporcle Settings to finish the process.

Report this User

Report this user for behavior that violates our Community Guidelines.

Details: